The river and the source. (Record no. 7203)
[ view plain ]
| 000 -LEADER | |
|---|---|
| fixed length control field | 00488cam a22001812 4500 |
| 001 - CONTROL NUMBER | |
| control field | 0000006132 |
| 005 - DATE AND TIME OF LATEST TRANSACTION | |
| control field | 20151217152013.0 |
| 008 - FIXED-LENGTH DATA ELEMENTS--GENERAL INFORMATION | |
| fixed length control field | 070920s xx 000 0 eng d |
| 020 ## - INTERNATIONAL STANDARD BOOK NUMBER | |
| International Standard Book Number | 9966882057 : |
| Terms of availability | KES 300 |
| 040 ## - CATALOGING SOURCE | |
| Original cataloging agency | KABU |
| Transcribing agency | KABU |
| 100 1# - MAIN ENTRY--PERSONAL NAME | |
| Personal name | Ogola, margaret A. |
| -- | 0000157522 |
| 245 14 - TITLE STATEMENT | |
| Title | The river and the source. |
| 260 ## - PUBLICATION, DISTRIBUTION, ETC. (IMPRINT) | |
| Place of publication, distribution, etc. | Nairobi : |
| Name of publisher, distributor, etc. | Focus, |
| Date of publication, distribution, etc. | 1994. |
| 300 ## - PHYSICAL DESCRIPTION | |
| Extent | 288 p. |
| 852 1# - LOCATION | |
| -- | p410 KES |
| 908 ## - PUT COMMAND PARAMETER (RLIN) | |
| Put command parameter | 070920 |
| 950 ## - LOCAL HOLDINGS (RLIN) | |
| -- | 1 |
| Withdrawn status | Lost status | Source of classification or shelving scheme | Not for loan | Home library | Current library | Date acquired | Total Checkouts | Full call number | Barcode | Date last seen | Price effective from | Koha item type | Date last checked out | Copy number | Public note | Shelving location | Cost, normal purchase price | Inventory number | Total Renewals |
|---|---|---|---|---|---|---|---|---|---|---|---|---|---|---|---|---|---|---|---|
| Library of Congress Classification | Kabarak, Main Campus | Kabarak, Main Campus | 17/12/2015 | PR9381.9 .O36R58 c. 2 | 015341 | 17/12/2015 | 17/12/2015 | General Collection | |||||||||||
| Library of Congress Classification | Kabarak, Main Campus | Kabarak, Main Campus | 17/12/2015 | PR9381.9 .O36R58 c. 1 | 004971 | 17/12/2015 | 17/12/2015 | Africana Collection | |||||||||||
| Library of Congress Classification | Kabarak, Main Campus | Kabarak, Main Campus | 14/10/2016 | 1 | The River Hschool 1 | 026562 | 13/03/2017 | 14/10/2016 | Inter-Library Loans | 14/10/2016 | The River Hschool 1 | To be returned to highschool upon return - Gerald | |||||||
| Library of Congress Classification | Kabarak, Main Campus | Kabarak, Main Campus | 03/10/2017 | 4 | PR9381.9 .O36R58 c.3 | 027741 | 02/06/2023 | 03/10/2017 | Inter-Library Loans | 16/02/2023 | c.3 | General Stacks | 431.00 | 2017/0273 | 1 |